MDQL
is popping MORE tags! Check the
thread
!
Quizzes
Events
Quiz Creation
Community
Videos
Private Events
Remove Ads
Sign In
Join for FREE
Feedback
Dark Mode
Quiz Categories
Sports
Geography
Music
Movies
Television
Just For Fun
Miscellaneous
History
Literature
Language
Science
Gaming
Entertainment
Religion
Holiday
For Kids
Quiz Lab
Recent
Popular Today
Quiz Kudos Today
Editor Picks
Curator Picks
Quizzes by...
Day
Popularity
Type
Ratings
Length
Year
Community
Subscriptions
Recent Discussions
Orange Saloon
Badges
Playlists
Quests
Create
Leaderboards
Showdown
Live 5
Trivia Bingo
Activity
Puzzle Library
Sporcle Events
Private Events
Virtual Trivia
Globe League
Become a Host
Pub Owners
SporcleCon
Opinionation
Our Games
Videos
Blog
Mobile Apps
Partnerships
Remove Ads and Go Orange
Feedback
Sports
Athletes
MLB
NBA
NHL
NFL
Soccer
Sports Teams
WWE
NCAA
Football
Premier League
Basketball
Baseball
Hockey
Golf
Tennis
Cricket
Rugby
Auto Racing
Olympics
World Cup
Sports
Athletes
MLB
NBA
NHL
NFL
Soccer
Sports Teams
WWE
NCAA
Football
Premier League
Basketball
Baseball
Hockey
Golf
Tennis
Cricket
Rugby
Auto Racing
Olympics
World Cup
Random Quiz
Search Sporcle
×
Quiz Lab
Quiz Lab
Sports
NHL
Type in answers that appear in a list
Type in answers that appear in a list
Classic
Best Score? Go Orange.
NHL Highest Paid By Team Stats
Can you name the NHL Highest Paid By Team (2011-12)?
By
Rom
7m
30 Questions
2,980 Plays
2,980 Plays
2,980 Plays
Comments
Comments
Give Quiz Kudos
Give Quiz Kudos
-
- Ratings
hide this ad
More Info
Replay
Link that replays current quiz
Next Quiz
Link to next quiz in quiz playlist
You Got
0%
They Got
Avg Score
51%
Avg Friend Score
Upgrade to see
Score Distribution
Jump to the score distribution portion of the page
Score
0/30
Timer
07:00
0
Plays Today
Team
Player
% Correct
Pittsburgh Penguins
Sidney Crosby and Evgeni Malkin
83.5%
Washington Capitals
Alexander Ovechkin
80.9%
Boston Bruins
Zdeno Chara
79.4%
Carolina Hurricanes
Eric Staal
73.7%
Columbus Blue Jackets
Rick Nash
73.4%
Anaheim Ducks
Ryan Getzlaf
69.7%
Detroit Red Wings
Henrik Zetterberg
67.2%
San Jose Sharks
Joe Thornton
66.2%
Tampa Bay Lightning
Vincent Lecavalier
65.9%
Calgary Flames
Jarome Iginla
63%
New York Rangers
Brad Richards
58.8%
Chicago Blackhawks
Duncan Keith
57.5%
Ottawa Senators
Jason Spezza
56.3%
Montreal Canadiens
Scott Gomez
50.4%
Winnipeg Jets
Ron Hainsey
50%
Team
Player
% Correct
Dallas Stars
Mike Ribeiro
49.9%
Vancouver Canucks
Kevin Bieksa
49.8%
Philadelphia Flyers
Ilya Bryzgalov
48%
Buffalo Sabres
Christian Ehrhoff
46.9%
Los Angeles Kings
Mike Richards
44.6%
Colorado Avalanche
Paul Stastny
42.6%
St. Louis Blues
David Backes
38.4%
Minnesota Wild
Dany Heatley
36.8%
Toronto Maple Leafs
Dion Phaneuf
35.7%
New York Islanders
Rick DiPietro
30.2%
Florida Panthers
Brian Campbell
29%
Phoenix Coyotes
Keith Yandle
28.6%
New Jersey Devils
Ilya Kovalchuk
28.5%
Nashville Predators
Martin Erat
23%
Edmonton Oilers
Shawn Horcoff
20.8%
Quiz Playlist
Details
Report
Send in Message
Add To Playlist
More Info:
Updated for 2011-12 season salaries.
Classic:
Type in answers that appear in a list
Quiz Source
Last Updated: Dec 25, 2022
Quiz Scoreboard
CHALLENGE
Sign Up to Join the Scoreboard
Show All
Scores
Hide
Comments
May contain spoilers
Recently Published
Colored Red Africa Blitz
by spor1
Geography
30s
Find the 'City' Movie
by crazypaving
Movies
60s
5x2 Blitz: Bands
by SL_Kpop136
Music
30s
More to Explore
Quiz From the Vault
Featured Blog Post
14 Easter Pick-up Lines to Find Eggs With
hide this ad
You Might Also Like...
Tags
NHL Quiz
highest
paid
Player
Salary
team
Today's Top Quizzes in Sports
Browse Sports
hide this ad
Today's Top Quizzes in NHL
Browse NHL
Top Contributed Quizzes in Sports
1
Les entraîneurs de l'OM et du PSG au 21e siècle
2
Les meilleurs buteurs des matchs entre le PSG et l’OM
3
Les joueurs passés par le PSG et l'OM
4
Players with Multiple 50 Home Run Seasons
5
2022 World Cup Stars
6
Criteria MLB: Left Handed Sluggers
7
NBA Logic Puzzle 2.0
8
MLB Players with Two .350 Batting Average Seasons
9
Top 10 NHL Goal Scorers of All Time
10
Les joueurs passés par le LOSC et le RC Lens
Explore More
Trending Topics
Disney
NBA
Kpop
Crossword
Anime
Marvel
Harry Potter
WWE
Puzzle
The Office
Country
Pokémon
Song
Soccer
NFL
hide this ad
More By:
Rom
Quiz
Plays
Rating
Category
Featured
Created
Countries with Most French Speakers
101,987
4.11
Geography
Aug 22, 2014
States in Sentences
40,285
4.41
Just For Fun
Sep 10, 2011
Asian Countries by Second Largest City
38,503
4.62
Geography
Mar 15, 2015
Who's Taller? (NBA-Style)
28,502
2.11
Sports
Apr 22, 2010
Car Crash Celebrities
20,979
3.65
Miscellaneous
Sep 25, 2011
Go to Creator's Profile
Score Distribution
Quiz Creator Spotlight
Rom
Follow
Send a Message
Quizzes Created
-
Created Quiz Play Count
-
More By This Creator
Popular Quizzes Today
1
Colored Red Africa Blitz
2
Find the 'City' Movie
3
5x2 Blitz: Bands
4
Find the US States - No Outlines Minefield
5
The Countries of the World
6
Find the US States
7
US States
8
Find the Countries of Europe - No Outlines Minefield
More Sports Quizzes
NFL: 60% All-Pro
Quiz Lab
Trending Quizzes
Colored Red Europe Blitz I
Colored Red Europe Blitz II
Colored Red Africa Blitz II
Colored Red Europe Blitz III
Colored Red Africa Blitz III
Recently Updated
How Do You Spell That?
pecheneg
Godzilla Movies
pecheneg
Grab Bag: 4-10 Letters
pecheneg
2024 March Madness Bracket
pecheneg
Famous TV Couples
Peacemaker
Champions League XIs: Real Madrid
pecheneg
Largest US Cities 1790-2010
pecheneg
Rides in Walt Disney World
pecheneg
Most Oscar Losses (Acting)
pecheneg
Beyoncé Albums
pecheneg
Trending Topics
Kpop
Anime
Harry Potter
Marvel
Disney
NBA
Crossword
The Office
Pokémon
Soccer
Country
Puzzle
WWE
NFL
Song
Your Account Isn't Verified!
In order to create a playlist on Sporcle, you need to verify the email address you used during registration. Go to your
Sporcle Settings
to finish the process.
Report this User
Report this user for behavior that violates our
Community Guidelines
.
Details:
Send Report
Go to the Sporcle.com Mobile Site →
Comments